Práctica de la Psicoterapia clínica (Record no. 121176)

MARC details
000 -LEADER
campo de control de longitud fija 00944nam a2200229 4500
001 - NÚMERO DE CONTROL
campo de control 121176
003 - IDENTIFICADOR DE NÚMERO DE CONTROL
campo de control ES-MaACL
005 - FECHA Y HORA DE LA ÚLTIMA TRANSACCIÓN
campo de control 20250822041626.0
007 - CAMPO FIJO DE DESCRIPCIÓN FÍSICA--INFORMACIÓN GENERAL
campo de control de longitud fija t|
008 - DATOS DE LONGITUD FIJA--INFORMACIÓN GENERAL
campo de control de longitud fija 070214s1968 sp r ||||1| spa d
100 1# - ENTRADA PRINCIPAL--NOMBRE DE PERSONA
Nombre de persona Preuss, Hans G.
9 (RLIN) 93805
245 10 - MENCIÓN DEL TÍTULO
Título Práctica de la Psicoterapia clínica
Resto del título : primer Simposio de Medicina Psicosomática en Ebenhausen-Isartal /
Mención de responsabilidad, etc. Hans G. Preuss ; con la colaboración de Siegfried Elhardt ... [et al.] ; versión española por Alfredo Guera [sic] Miralles.
260 ## - PUBLICACIÓN, DISTRIBUCIÓN, ETC.
Lugar de publicación, distribución, etc. Madrid :
Nombre del editor, distribuidor, etc. Morata,
Fecha de publicación, distribución, etc. 1968.
300 ## - DESCRIPCIÓN FÍSICA
Extensión 166 p. ;
Dimensiones 21 cm.
490 1# - MENCIÓN DE SERIE
Mención de serie Filosofía. Psicología. Pedagogía
700 1# - ENTRADA AGREGADA--NOMBRE PERSONAL
Nombre de persona Elhardt, Siegfried.
9 (RLIN) 46948
700 1# - ENTRADA AGREGADA--NOMBRE PERSONAL
Nombre de persona Guera Miralles, Alfredo.
9 (RLIN) 60449
711 1# - ENTRADA AGREGADA--NOMBRE DE REUNIÓN
Nombre de congreso/reunión o jurisdicción como elemento de entrada Simposio de Medicina Psicosomática (
Sede del congreso/Lugar de la reunión Ebenhausen-Isartal (
Fecha del congreso o de la firma del tratado 1968?) (
Número del congreso/reunión o número de parte o sección . 1º)
9 (RLIN) 186500
830 00 - PUNTO DE ACCESO ADICIONAL DE SERIE-TÍTULO UNIFORME
Título uniforme Filosofía, psicología, pedagogía
9 (RLIN) 181408
852 ## - LOCALIZACIÓN
Ubicación ES-MaACL
Número de control de estantería C-34977
Sublocalización o colección R.66499
Holdings
Estatus retirado Estado de pérdida Estado de daño No para préstamo Biblioteca de origen Biblioteca actual Ubicación en estantería Fecha de adquisición Fuente de adquisición Total de préstamos Signatura topográfica completa Código de barras Visto por última vez Precio de reemplazo Tipo de ítem Koha
        Biblioteca del Ateneo de Madrid Biblioteca del Ateneo de Madrid Depósito 2 17/01/2008     C-34977 1126289 23/02/2023 23/02/2023 Libro impreso